000
00222nam a2200109Ia 4500
100
_a
World Book Inc.
650
_a
General
942
_c
BK
245
_a
CELEBRATIONS
260
_b
WORLD BOOK INC.
_c
1990
546
_a
ENGLISH
999
_c
24966
_d
24966